00773nam a2200169Ia 4500008004100000020001700041041000800058082001800066100003400084245024900118250000600367260003900373300001100412650002900423999001900452952013200471210716s2017 xx 000 0 und d a978178712114 aeng a004.6005 TANN aTanasseri, Namit; Rai, Rahul. aMicroservices with azure: software architecture patterns to build enterprise grade microservices using microsoft azure service fabric.bsoftware architecture patterns to build enterprise grade microservices using microsoft azure service fabric. a1 aMumbaibPackt Publishing Ltdc2017 aix,339 aWeb Design & Development c196235d196235 001040708MCAaAIMITbAIMITeKnowledge Worldg999.00l0o004.6005 TANNpMCA15750r2025-07-21 00:00:00v779.22w2021-07-16yBK